000 00795cam a22002415a 4500
001 L154780
002 18664
008 120118s2011 xxk f 000 0 eng d
020 _a9781846612572
035 _a(Sirsi) u154780
041 0 _aeng
050 0 4 _a346.41043
100 1 _aFieldsend, James
245 0 0 _aCommercial property litigation
260 _aBristol
_bJordan Publishing Ltd.
_c2011
350 _a95
520 _aDiscusses factors involved when advising landlords and tenants over matters that may result in property disputes. Commentary is supported by examples of precedents, forms of notice, claim forms and drafting proceedings.
590 _aKA
651 4 _aEngland and Wales
_y1543-
690 _aCommercial property
_96227
700 1 _aMcAndrews, P.
942 _n0
999 _c113147
_d113147